01730nam a22002657a 4500003000400000005001700004008004100021020002000062040000700082082001300089100002000102245007000122942001800192999001700210952012500227952012500352952012500477952012300602952012300725952012300848952012300971952012301094952012301217952012401340OSt20220405152447.0220405b |||||||| |||| 00| 0 eng d a139780131853553 cHU a658.7.87 aBhuptani935205 aRfid Field Guide Deploying Radio Frequence Identification Systems 2ddccBOOKSn0 c34380d34380 00102ddc4070a006b006cGENd2022-04-05l0o658.7.87/BHU/2005pIOTL0019872r2022-04-05 00:00:00t1w2022-04-05yBOOKS 00102ddc4070a006b006cGENd2022-04-05l0o658.7.87/BHU/2005pIOTL0019400r2022-04-05 00:00:00t2w2022-04-05yBOOKS 00102ddc4070a006b006cGENd2022-04-05l0o658.7.87/BHU/2005pIOTL0019401r2022-04-05 00:00:00t3w2022-04-05yBOOKS 00102ddc4070a006b006cGENd2022-04-06o 658.787/BHU/2005pIOTL0020329r2022-04-06 00:00:00t4w2022-04-06yBOOKS 00102ddc4070a006b006cGENd2022-04-06o 658.787/BHU/2005pIOTL0020330r2022-04-06 00:00:00t5w2022-04-06yBOOKS 00102ddc4070a006b006cGENd2022-04-06o 658.787/BHU/2005pIOTL0020331r2022-04-06 00:00:00t6w2022-04-06yBOOKS 00102ddc4070a006b006cGENd2022-04-06o 658.787/BHU/2005pIOTL0020332r2022-04-06 00:00:00t7w2022-04-06yBOOKS 00102ddc4070a006b006cGENd2022-04-06o 658.787/BHU/2005pIOTL0020333r2022-04-06 00:00:00t8w2022-04-06yBOOKS 00102ddc4070a006b006cGENd2022-04-06o 658.787/BHU/2005pIOTL0020334r2022-04-06 00:00:00t9w2022-04-06yBOOKS 00102ddc4070a006b006cGENd2022-04-06o 658.787/BHU/2005pIOTL0020335r2022-04-06 00:00:00t10w2022-04-06yBOOKS